Molecular biochemistry of human disease / (Record no. 3710)

000 -LEADER
fixed length control field 01057cam a2200325 a 4500
001 - CONTROL NUMBER
control field 3313537
003 - CONTROL NUMBER IDENTIFIER
control field ALUPE UNIVERSITY
005 - DATE AND TIME OF LATEST TRANSACTION
control field 20220202101305.0
008 - FIXED-LENGTH DATA ELEMENTS--GENERAL INFORMATION
fixed length control field 840326m19859999flua b 001 0 eng
010 ## - LIBRARY OF CONGRESS CONTROL NUMBER
LC control number 84007156
020 ## - INTERNATIONAL STANDARD BOOK NUMBER
International Standard Book Number 0849362059 (v. 1)
040 ## - CATALOGING SOURCE
Original cataloging agency DLC
Transcribing agency ALUPE UNIVERSITY
Modifying agency DLC
-- OCoLC
-- DLC
050 00 - LIBRARY OF CONGRESS CALL NUMBER
Classification number RB112.5
Item number .F48 1985
060 ## - NATIONAL LIBRARY OF MEDICINE CALL NUMBER
Classification number QU 4 F426m
082 00 - DEWEY DECIMAL CLASSIFICATION NUMBER
Classification number 616.07/56
Edition number 19
100 1# - MAIN ENTRY--PERSONAL NAME
Personal name Feuer, George,
Dates associated with a name 1921-
245 10 - TITLE STATEMENT
Title Molecular biochemistry of human disease /
Statement of responsibility, etc. George Feuer, Felix A. De la Iglesia.
260 ## - PUBLICATION, DISTRIBUTION, ETC.
Place of publication, distribution, etc. Boca Raton, Fla. :
Name of publisher, distributor, etc. CRC Press,
Date of publication, distribution, etc. c1985-<c1989 >
300 ## - PHYSICAL DESCRIPTION
Extent v. <1-3 > :
Other physical details ill. ;
Dimensions 26 cm.
504 ## - BIBLIOGRAPHY, ETC. NOTE
Bibliography, etc. note Includes bibliographies and indexes.
650 #0 - SUBJECT ADDED ENTRY--TOPICAL TERM
Topical term or geographic name entry element Clinical biochemistry.
650 #0 - SUBJECT ADDED ENTRY--TOPICAL TERM
Topical term or geographic name entry element Metabolism
General subdivision Disorders
-- Diagnosis.
650 #0 - SUBJECT ADDED ENTRY--TOPICAL TERM
Topical term or geographic name entry element Diagnosis, Laboratory.
650 #0 - SUBJECT ADDED ENTRY--TOPICAL TERM
Topical term or geographic name entry element Pathology, Molecular.
650 #2 - SUBJECT ADDED ENTRY--TOPICAL TERM
Topical term or geographic name entry element Biochemistry.
650 #2 - SUBJECT ADDED ENTRY--TOPICAL TERM
Topical term or geographic name entry element Molecular biology.
700 1# - ADDED ENTRY--PERSONAL NAME
Personal name De la Iglesia, Felix A.,
Dates associated with a name 1939-
906 ## - LOCAL DATA ELEMENT F, LDF (RLIN)
a 7
b cbc
c orignew
d 1
e ocip
f 19
g y-gencatlg
942 ## - ADDED ENTRY ELEMENTS (KOHA)
Source of classification or shelving scheme
Koha item type Book
Suppress in OPAC BA
Holdings
Withdrawn status Lost status Source of classification or shelving scheme Damaged status Not for loan Permanent Location Current Location Shelving location Date acquired Source of acquisition Total Checkouts Full call number Barcode Date last seen Price effective from Koha item type Public note
          AU LIBRARY AU LIBRARY Open Shelf 02.02.2022 DONATION FROM MOI UNIVERSITY   RB112.5 .F48 1985 28005155 02.02.2022 02.02.2022 Book BA

Powered by Koha